Caracterización de caminos hamiltonianos en problemas específicos /
Guardado en:
| Otros Autores: | , , , |
|---|---|
| Formato: | Manuscrito |
| Idioma: | Spanish |
| Publicado: |
2014.
|
| Materias: | |
| Acceso en línea: | Texto completo |
| Etiquetas: |
Agregar Etiqueta
Sin Etiquetas, Sea el primero en etiquetar este registro!
|
| LEADER | 01357ntm a22003135a 4500 | ||
|---|---|---|---|
| 001 | MAT.inmabb007047 | ||
| 008 | 141003s2014####ag#######bm###000#0#spa#d | ||
| 005 | 20160504132758.0 | ||
| 245 | 1 | 0 | |a Caracterización de caminos hamiltonianos en problemas específicos / |c Blanca Isabel Niel. |
| 260 | |c 2014. | ||
| 300 | |a 233 h. ; |c 30 cm. | ||
| 500 | |a "Tesis de Doctor en Matemática". | ||
| 500 | |a Directores de tesis: Aldo Victorio Figallo, Nélida Beatriz Brignole y Walter Alberto Reartes. | ||
| 502 | |a Tesis (doctoral)--Universidad Nacional del Sur. Departamento de Matemática, 2014. | ||
| 530 | |a Disponible también en formato digital. | ||
| 504 | |a Incluye referencias bibliográficas. | ||
| 100 | 1 | |a Niel, Blanca Isabel. |4 dis | |
| 700 | 1 | |a Figallo, Aldo V. |q (Aldo Victorio) |4 ths | |
| 700 | 1 | |a Brignole, Nélida Beatriz. |4 ths | |
| 700 | 1 | |a Reartes, Walter Alberto. |4 ths | |
| 710 | 2 | |a Universidad Nacional del Sur. |b Departamento de Matemática |4 dgg. | |
| 082 | 0 | 4 | |a 040 |2 15 |
| 082 | 0 | 4 | |a 517.4 |2 15 |
| 650 | 7 | |a Matemáticas. |2 unbist | |
| 650 | 7 | |a Cálculo de variaciones. |2 unbist | |
| 653 | |a Sistemas de Hamilton | ||
| 856 | 4 | 1 | |3 Texto completo |u http://repositoriodigital.uns.edu.ar/handle/123456789/489 |
| 859 | |a AR-BaUNS |b BIB. MATEMATICA |h 040 |i B148 2014-1318 |k R |p 124689/014 | ||
| 859 | |a AR-BaUNS |b BIB. MATEMATICA |h 040 |i B148 2014-1318 |p 124690/014 | ||
